Problematika rozvoja cestovného ruchu v Slovenskej republike

Slovenská republika a jej konkurencieschopnosť na medzinárodnom trhu cestovného ruchu. Slovenská republika z aspektu interného a externého rastu destinácie. Inštitucionálne zabezpečenie. Vplyv politiky Európskej únie pre cestovný ruch v podmienkach Novej stratégie rozvoja cestovného ruchu v Slovensk...

Ausführliche Beschreibung

Gespeichert in:
Bibliographische Detailangaben
1. Verfasser: Novacká, Ľudmila, 1953-
Format: Buchkapitel
Sprache:Slowakisch
Schlagworte:
Tags: Tag hinzufügen
Keine Tags, Fügen Sie das erste Tag hinzu!

MARC

LEADER 00000naa$a2200000$$$4500
001 0123220
005 20240502083314.6
041 0 |a slo 
044 |a CZ 
245 1 0 |a Problematika rozvoja cestovného ruchu v Slovenskej republike  |c Ľudmila Novacká 
520 |a Slovenská republika a jej konkurencieschopnosť na medzinárodnom trhu cestovného ruchu. Slovenská republika z aspektu interného a externého rastu destinácie. Inštitucionálne zabezpečenie. Vplyv politiky Európskej únie pre cestovný ruch v podmienkach Novej stratégie rozvoja cestovného ruchu v Slovenskej republike. 
610 2 0 |a ruch cestovný 
610 2 0 |a podpora podnikania 
610 2 0 |a konkurencieschopnosť 
610 2 0 |a trh medzinárodný 
610 2 0 |a inštitúcia 
610 2 0 |a Slovensko 
100 1 |a Novacká, Ľudmila, 1953-